000 00617nam a2200169 a 4500
001 000027993
003 DO-SdBNP
005 20250130100129.0
008 110406s1971 dr 000 0 spa d
040 _aDO-SdBNP
_bspa
_cBNPHU
082 4 _axxxx
_bR426c
_222
110 1 _aRepública Dominicana.
_bSecretaría de Estado de Educación, Bellas Artes y Cultos
_923965
245 1 0 _aConsideraciones sobre el deporte en general y su relación con el deporte militar
264 1 _aSanto Domimgo :
_bSecretaría de Estado de Educación, Bellas Artes y Cultos,
_c1971.
300 _a16 páginas ;
_c22 cm.
942 _2ddc
_cLBS1
999 _c27485
_d27485